Music Quiz

Random Music or Numbers Quiz

#1 Songs Fill-in-the-Blank II Quiz Stats

 Plays Quiz Updated Aug 10, 2017

Challenge
Share
Tweet
Embed
Score 0/58 Timer 06:00
1 Play Today
Song Missing Word % Correct
What a ___ Wants (2000)Girl
87.4%
I'd Do ___ for Love (1993)Anything
84%
Total ___ of the Heart (1983)Eclipse
82%
___ Got Back (1992)Baby
81.3%
I Got You ___ (1965)Babe
77.4%
Gold ___ (2005)Digger
75.9%
___ Don't Lie (2006)Hips
73.1%
Mrs. ___ (1968)Robinson
72.9%
___ It Like It's Hot (2004)Drop
71.7%
___ of Me (2014All
70.6%
___ Yourself (2002)Lose
69.9%
Teenage ___ (2010)Dream
69.8%
I Will ___ (1979)Survive
68.7%
___ and I Know It (2012)Sexy
68.2%
You're So ___ (1973)Vain
67.9%
Kiss from a ___ (1995)Rose
66.4%
___ This Way (2011)Born
66.1%
Afternoon ___ (1976)Delight
64.1%
Three Times a ___ (1978)Lady
63.7%
___ Space (2015)Blank
62.7%
___ on My Mind (1960)Georgia
62.4%
Jack and ___ (1982)Diane
60.5%
___ in Love (2003)Crazy
59.2%
It's Only Make ___ (1958)Believe
52.7%
Ms. ___ (2001)Jackson
52.6%
No ___ (1999)Scrubs
51%
The ___ of a Clown (1970)Tears
50.9%
___ on a Feeling (1974)Hooked
50.6%
___ Love (2008)Bleeding
49.6%
Song Missing Word % Correct
___ of a Lonely Heart (1984)Owner
49.4%
The ___ is High (1981)Tide
49.1%
One ___ (1998)Week
47%
Duke of ___ (1962)Earl
45.1%
Can't ___ Us (2013)Hold
44.9%
I Get ___ (1964)Around
43%
___ Minds (1969)Suspicious
42.6%
I'll Be ___ You (1997)Missing
42.2%
___ Flame (1989)Eternal
40.1%
Need You ___ (1988)Tonight
40.1%
I Am ___ (1972)Woman
39.9%
___ Cowboy (1975)Rhinestone
39.9%
He's So ___ (1963)Fine
39.7%
Gypsys, ___ & Thieves (1971)Tramps
39%
Last Train to ___ (1966)Clarksville
37.8%
The ___ of Love (1994)Power
36.5%
Happy ___ (1967)Together
35.8%
___ Say (2009)Whatcha
32.2%
___ Sue (1961)Runaround
29.3%
Broken ___ (1985)Wings
27.1%
Say It ___ (2007)Right
26.2%
___ My Love (1991)Justify
20.2%
Undercover ___ (1977)Angel
19.9%
___ Boy (1959)Lonely
15.3%
Tha ___ (1996)Crossroads
15%
___ of Love (1986)Glory
11.9%
___ Down (1980)Upside
9.9%
___ Me (1990)Release
8.3%
Lost in ___ (1987)Emotion
7.5%

You're not logged in!

Compare scores with friends on all Sporcle quizzes.
Join for Free
OR
Log In

You Might Also Like...

Show Comments

Extras

Top Quizzes Today


Score Distribution

Your Account Isn't Verified!

In order to create a playlist on Sporcle, you need to verify the email address you used during registration. Go to your Sporcle Settings to finish the process.

Report this User

Report this user for behavior that violates our Community Guidelines.

Details: